Economics of health in India / (Record no. 17135)

MARC details
000 -LEADER
fixed length control field 00831nam a22002417a 4500
005 - DATE AND TIME OF LATEST TRANSACTION
control field 20081020163030.0
008 - FIXED-LENGTH DATA ELEMENTS--GENERAL INFORMATION
fixed length control field 081020t xxu||||| |||| 00| 0 eng d
010 ## - LIBRARY OF CONGRESS CONTROL NUMBER
LC control number ENG-84173
020 ## - INTERNATIONAL STANDARD BOOK NUMBER
International Standard Book Number 8176781487
020 ## - INTERNATIONAL STANDARD BOOK NUMBER
Terms of availability 495.00 (hb)
035 ## - SYSTEM CONTROL NUMBER
System control number EN-67706
082 ## - DEWEY DECIMAL CLASSIFICATION NUMBER
Classification number 362.1
100 ## - MAIN ENTRY--PERSONAL NAME
Personal name K Jamaluddin
245 ## - TITLE STATEMENT
Title Economics of health in India /
Statement of responsibility, etc by K Jamaluddin, M Muzammil and Hem Chandra
260 ## - PUBLICATION, DISTRIBUTION, ETC. (IMPRINT)
Place of publication, distribution, etc Lucknow
Name of publisher, distributor, etc Bhart Book Centre
260 ## - PUBLICATION, DISTRIBUTION, ETC. (IMPRINT)
Date of publication, distribution, etc 2006
300 ## - PHYSICAL DESCRIPTION
Extent xvii,285p
Dimensions 22cm
500 ## - GENERAL NOTE
General note Includes bibliographical references and index
700 ## - ADDED ENTRY--PERSONAL NAME
Personal name Chandra, Hem
Titles and other words associated with a name jt auth
700 ## - ADDED ENTRY--PERSONAL NAME
Personal name M MUzammil
Titles and other words associated with a name jt auth
942 ## - ADDED ENTRY ELEMENTS (KOHA)
Source of classification or shelving scheme Dewey Decimal Classification
Koha item type English Books
Classification part 362.1
Call number suffix JAM
Holdings
Withdrawn status Lost status Source of classification or shelving scheme Damaged status Not for loan Home library Current library Date acquired Cost, normal purchase price Total Checkouts Full call number Barcode Date last seen Cost, replacement price Price effective from Koha item type
    Dewey Decimal Classification   Not For Loan D.B.Act.Division D.B.Act.Division 26/02/2007 495.00   362.1 JAM EN-67706 21/10/2008 495.00 21/10/2008 English Books

© Delhi Public Library
Hit Counter
free hit counter